| Tag |
First Indicator |
Second Indicator |
Subfields |
| LEADER |
00000nam a2200000Ia 4500 |
| 001 |
in00004207321 |
| 005 |
20200806091144.0 |
| 006 |
m g d |
| 007 |
cr bn |||a|bb| |
| 008 |
900906s1607 fr ob 00| | eng d |
| 035 |
|
|
|a (OCoLC)22337505
|
| 040 |
|
|
|a EBL
|c EBL
|d WaOLN
|
| 037 |
|
|
|a CL0036000052
|b ProQuest. 789 E. Eisenhower Parkway, Ann Arbor, MI 48108-3218
|
| 041 |
1 |
|
|a eng
|h frm
|
| 090 |
|
|
|a BX1752
|b .C38 1607
|
| 049 |
|
|
|a UMIA
|
| 100 |
1 |
|
|a Caumont, Jean de.
|
| 245 |
1 |
4 |
|a The firme foundation of Catholike religion against the bottomlles [sic] pitt of heresies :
|b wherein is shewed that onlye Catholikes shalbe saued, and that all heretikes of what sect soeuer are excluded fro[m] the knigdome [sic] of heauen /
|c compyled by Iohn Caumont of Champanye ; and translat[e]d out of Frenche into Englishe by Iohn Paunchfoot the elder esquire in the tyme of his banishment.
|
| 260 |
|
|
|a [Douai :
|b C. Boscard,
|c 1607-1608]
|
| 300 |
|
|
|a 1 online resource (120 [id est 119], [1] pages)
|
| 336 |
|
|
|a text
|b txt
|2 rdacontent
|
| 337 |
|
|
|a computer
|b c
|2 rdamedia
|
| 338 |
|
|
|a online resource
|b cr
|2 rdacarrier
|
| 500 |
|
|
|a Imprint suggested by STC (2nd edition).
|
| 500 |
|
|
|a License to print dated: Antwerpiæ, 9. Octobris anno 1590--P. [1] at end.
|
| 500 |
|
|
|a Signatures: A-G⁸ H⁴.
|
| 500 |
|
|
|a Numerous errors in paging.
|
| 504 |
|
|
|a Includes bibliographical references.
|
| 500 |
|
|
|a Reproduction of original in the Oscott College. Library.
|
| 510 |
4 |
|
|a STC (2nd edition)
|c 4868.5
|
| 533 |
|
|
|a Electronic reproduction.
|b Ann Arbor, Mich. :
|c UMI,
|d 1999-
|f (Early English books online)
|n Digital version of: (Early English books, 1475-1640 ; 1773:21)
|7 s1999 miun s
|
| 610 |
2 |
0 |
|a Catholic Church
|v Apologetic works.
|
| 700 |
1 |
|
|a Pauncefote, John,
|d fl. 1590.
|
| 830 |
|
0 |
|a Early English books online.
|
| 856 |
4 |
0 |
|u http://proxy.library.tamu.edu/login?url=https://search.proquest.com/docview/2240927497
|z Connect to the full text of this electronic book
|t 0
|
| 999 |
f |
f |
|s 79a15d93-0c08-39ae-950a-716aae965052
|i b0e4a793-326f-32f8-abbc-e20258420b63
|t 0
|
| 952 |
f |
f |
|a Texas A&M University
|b College Station
|c Electronic Resources
|d Available Online
|t 0
|e BX1752 .C38 1607
|h Library of Congress classification
|
| 998 |
f |
f |
|a BX1752 .C38 1607
|t 0
|l Available Online
|